Strategic military deception / (Record no. 5900)
[ view plain ]
| 000 -LEADER | |
|---|---|
| fixed length control field | 01168cam a2200361 a 4500 |
| 001 - CONTROL NUMBER | |
| control field | 5900 |
| 003 - CONTROL NUMBER IDENTIFIER | |
| rucl marc code | BD-RjUL |
| 005 - DATE AND TIME OF LATEST TRANSACTION | |
| control field | 20211208234142.0 |
| 008 - FIXED-LENGTH DATA ELEMENTS--GENERAL INFORMATION | |
| fixed length control field | 140108s1982 nyua b 001 0 eng |
| 020 ## - INTERNATIONAL STANDARD BOOK NUMBER | |
| International Standard Book Number | 0080272193 |
| 035 ## - SYSTEM CONTROL NUMBER | |
| System control number | (OCoLC)7774320 |
| System control number | (OCoLC)ocm07774320 |
| System control number | (CStRLIN)NYCG83-B22845 |
| System control number | (BD-RjUL)5939 |
| System control number | (NNC)148758 |
| 040 ## - CATALOGING SOURCE | |
| Original cataloging agency | BD-RjUL |
| Language of cataloging | eng |
| Transcribing agency | BD-RjUL |
| Modifying agency | BD-RjUL |
| 041 ## - LANGUAGE CODE | |
| Language code of text/sound track or separate title | eng |
| 082 0# - DEWEY DECIMAL CLASSIFICATION NUMBER | |
| Classification number | 355.43 |
| Edition number | 19 |
| Author mark and year | STR 1982 |
| 090 ## - LOCALLY ASSIGNED LC-TYPE CALL NUMBER (OCLC); LOCAL CALL NUMBER (OCLC) | |
| Classification number (OCLC) (R) ; Classification number, CALL (RLIN) (NR) | U163 |
| Local cutter number (OCLC) ; Book number/undivided call number, CALL (RLIN) | .S76 1982 |
| 245 00 - TITLE STATEMENT | |
| Title | Strategic military deception / |
| Statement of responsibility, etc. | edited by Donald C. Daniel, Katherine L. Herbig. |
| 260 ## - PUBLICATION, DISTRIBUTION, ETC. (IMPRINT) | |
| Place of publication, distribution, etc. | New York : |
| Name of publisher, distributor, etc. | Pergamon Press, |
| Date of publication, distribution, etc. | c1982. |
| 300 ## - PHYSICAL DESCRIPTION | |
| Pagination | xiii, 378 p. : |
| Illustrations | ill. ; |
| Size | 24 cm. |
| 490 1# - SERIES STATEMENT | |
| Series statement | Pergamon policy studies on security affairs |
| 504 ## - BIBLIOGRAPHY, ETC. NOTE | |
| Bibliography, etc | Includes bibliographical references and index. |
| 650 #0 - SUBJECT ADDED ENTRY--TOPICAL TERM | |
| Topical term or geographic name as entry element | Strategy. |
| 9 (RLIN) | 18542 |
| Topical term or geographic name as entry element | Deception. |
| 9 (RLIN) | 18543 |
| 700 1# - ADDED ENTRY--PERSONAL NAME | |
| Personal name | Daniel, Donald C. |
| Fuller form of name | (Donald Charles), |
| Dates associated with a name | 1944- |
| Personal name | Herbig, Katherine L. |
| Fuller form of name | (Katherine Lydigsen) |
| 830 #0 - SERIES ADDED ENTRY--UNIFORM TITLE | |
| Uniform title | Pergamon policy studies on security affairs. |
| 942 ## - ADDED ENTRY ELEMENTS (KOHA) | |
| Source of classification or shelving scheme | Dewey Decimal Classification |
| Koha item type | Books |
| Lost status | Source of classification or shelving scheme | Damaged status | Not for loan | Collection code | Permanent Location | Current Location | Shelving location | Date acquired | Source of acquisition | Cost, normal purchase price | Total Checkouts | Full call number | Date last seen | Copy number | Koha item type |
|---|---|---|---|---|---|---|---|---|---|---|---|---|---|---|---|
| Dewey Decimal Classification | Not For Loan | Non-fiction | Central Library, University of Rajshahi | Central Library, University of Rajshahi | 12/09/1983 | Tulip Ent. | 341.25 | 355.43 STR 1982 | 08/01/2014 | C-1 | Books |